[Event "17th Karpov Poikovsky"]
[Site "Poikovsky RUS"]
[Date "2016.07.23"]
[EventDate "2016.07.23"]
[Round "1.2"]
[Result "1/2-1/2"]
[White "Emil Sutovsky"]
[Black "Dmitry Andreikin"]
[WhiteElo "2622"]
[BlackElo "2733"]
[PlyCount "58"]

1. e4 e5 2. Nf3 Nc6 3. Bb5 Nf6 4. O-O Nxe4 5. d4 Nd6 6. Bxc6
dxc6 7. dxe5 Nf5 8. Qxd8+ Kxd8 9. Rd1+ Ke8 10. Nc3 Ne7 11. h3
Ng6 12. Re1 h6 13. Bd2 Be6 14. Rad1 Rd8 15. a3 a6 16. Be3 c5
17. Ne4 b6 18. Ng3 Rxd1 19. Rxd1 h5 20. Ne2 h4 21. Bg5 Be7
22. Bxe7 Kxe7 23. Nc3 Rd8 24. Re1 Bf5 25. Ne4 c4 26. Kh2 Rd5
27. Nc3 Rd8 28. Ne4 Rd5 29. Nc3 Rd8 1/2-1/2

[Event "17th Karpov Poikovsky"]
[Site "Poikovsky RUS"]
[Date "2016.07.23"]
[EventDate "2016.07.23"]
[Round "1.4"]
[Result "1/2-1/2"]
[White "Maxim Matlakov"]
[Black "Igor Kovalenko"]
[WhiteElo "2684"]
[BlackElo "2667"]
[PlyCount "56"]

1. Nf3 Nf6 2. g3 g6 3. Bg2 c5 4. c4 Bg7 5. Nc3 O-O 6. O-O d5
7. cxd5 Nxd5 8. Qa4 Nc6 9. Qc4 Nxc3 10. dxc3 b6 11. Ng5 Qe8
12. Qh4 h6 13. Nf3 Kh7 14. Be3 Ba6 15. Rfe1 Rc8 16. Rad1 Na5
17. Bc1 Bb7 18. Ng5+ Kg8 19. Bxb7 Nxb7 20. Nf3 Kh7 21. e4 Rd8
22. Kg2 f6 23. Rxd8 Nxd8 24. e5 Qc6 25. exf6 exf6 26. Qc4 Rf7
27. h4 h5 28. Bf4 b5 1/2-1/2

[Event "17th Karpov Poikovsky"]
[Site "Poikovsky RUS"]
[Date "2016.07.23"]
[EventDate "2016.07.23"]
[Round "1.5"]
[Result "1/2-1/2"]
[White "Viktor Bologan"]
[Black "Alexander Motylev"]
[WhiteElo "2654"]
[BlackElo "2660"]
[PlyCount "129"]

1. d4 Nf6 2. c4 e6 3. Nf3 d5 4. Nc3 c6 5. e3 Nbd7 6. Qc2 Bd6
7. b3 O-O 8. Bb2 b5 9. cxb5 c5 10. Be2 Bb7 11. Rc1 Rc8 12. Qb1
cxd4 13. Nxd4 Ne5 14. O-O Bb8 15. f4 Neg4 16. Qd3 e5 17. Nc6
Bxc6 18. bxc6 Rxc6 19. Nxd5 Rd6 20. Nxf6+ Nxf6 21. Qc3 Qb6
22. Kh1 Ne4 23. Qxe5 Ng3+ 24. hxg3 Rh6+ 25. Qh5 Rxh5+ 26. Bxh5
Qxe3 27. Bf3 Re8 28. Rc2 Qb6 29. Rfc1 Qh6+ 30. Kg1 Qb6+
31. Kh1 Qh6+ 32. Kg1 Qe6 33. Bd4 h5 34. Re2 Qd7 35. Rxe8+ Qxe8
36. Bxh5 Qd7 37. Bf2 a5 38. Rd1 Qc7 39. Kh2 Ba7 40. Bxa7 Qxa7
41. Bf3 g6 42. Rd5 Qc7 43. Rb5 Kf8 44. a4 Qc3 45. Re5 Qc7
46. Rb5 Qc3 47. Rb8+ Ke7 48. Be2 f6 49. Rb5 g5 50. Bf3 gxf4
51. gxf4 Qd2 52. Kg3 Qe1+ 53. Kh3 Qe6+ 54. Kh2 Qe3 55. Rxa5
Qxf4+ 56. Kh3 f5 57. Ra6 Qg5 58. a5 f4 59. Bg4 Qb5 60. Re6+
Kf7 61. Re4 Qxb3+ 62. Bf3 Qb5 63. Rxf4+ Kg7 64. Rg4+ Kf6
65. Rf4+ 1/2-1/2

[Event "17th Karpov Poikovsky"]
[Site "Poikovsky RUS"]
[Date "2016.07.23"]
[EventDate "2016.07.23"]
[Round "1.3"]
[Result "1/2-1/2"]
[White "Ilya Smirin"]
[Black "Dmitry Jakovenko"]
[WhiteElo "2676"]
[BlackElo "2712"]
[PlyCount "49"]

1. e4 e5 2. Nf3 Nc6 3. Bb5 Nf6 4. O-O Nxe4 5. Re1 Nd6 6. Nxe5
Be7 7. Bf1 Nxe5 8. Rxe5 O-O 9. Nc3 Ne8 10. Nd5 Bd6 11. Re1 c6
12. Ne3 Bc7 13. Nf5 d5 14. Ne7+ Kh8 15. Nxc8 Rxc8 16. a4 Nf6
17. Ra3 Qd7 18. g3 Rce8 19. Rae3 Rxe3 20. Rxe3 Bb6 21. d4 c5
22. Bb5 Qh3 23. Bf1 Qd7 24. Bb5 Qh3 25. Bf1 1/2-1/2

[Event "17th Karpov Poikovsky"]
[Site "Poikovsky RUS"]
[Date "2016.07.23"]
[EventDate "2016.07.23"]
[Round "1.1"]
[Result "1/2-1/2"]
[White "Anton Korobov"]
[Black "Radoslaw Wojtaszek"]
[WhiteElo "2656"]
[BlackElo "2733"]
[PlyCount "72"]

1. d4 Nf6 2. c4 e6 3. Nc3 Bb4 4. e3 O-O 5. Bd3 c5 6. Nf3 d5
7. O-O cxd4 8. exd4 dxc4 9. Bxc4 b6 10. Qb3 Bxc3 11. bxc3 Nc6
12. Bd3 Bb7 13. Qb1 h6 14. Re1 Rc8 15. Bd2 Na5 16. Ne5 Nd7
17. Ng4 Qh4 18. f3 Nc4 19. Bf4 Bd5 20. Qc1 Rc6 21. Bxc4 Rxc4
22. Bg3 Qg5 23. Bf4 Qg6 24. Ne3 Rc6 25. Nxd5 exd5 26. Re7 Rd8
27. Qa3 Nf8 28. Rxa7 Ne6 29. Bg3 Rdc8 30. Ra8 Qd3 31. Rxc8+
Rxc8 32. Qb3 Rxc3 33. Qxd5 Qe3+ 34. Kf1 Qd3+ 35. Kg1 Qe3+
36. Kf1 Qd3+ 1/2-1/2

[Event "17th Karpov Poikovsky"]
[Site "Poikovsky RUS"]
[Date "2016.07.24"]
[EventDate "2016.07.23"]
[Round "2.1"]
[Result "0-1"]
[White "Viktor Bologan"]
[Black "Anton Korobov"]
[WhiteElo "2654"]
[BlackElo "2656"]
[PlyCount "48"]

1. d4 Nf6 2. c4 c6 3. Nf3 d5 4. e3 Bf5 5. Nc3 e6 6. Nh4 Be4
7. f3 Bg6 8. Qb3 Qc7 9. Bd2 Be7 10. g3 Bh5 11. e4 dxe4
12. fxe4 O-O 13. e5 Nfd7 14. Bg2 f6 15. c5 Bf7 16. O-O fxe5
17. Bh3 Bxh4 18. Rxf7 Rxf7 19. Bxe6 Nf8 20. Bc4 Bf6 21. Ne4
Ng6 22. Nd6 Nh8 23. dxe5 Bxe5 24. Rf1 Bxd6 0-1

[Event "17th Karpov Poikovsky"]
[Site "Poikovsky RUS"]
[Date "2016.07.24"]
[EventDate "2016.07.23"]
[Round "2.2"]
[Result "1/2-1/2"]
[White "Alexander Motylev"]
[Black "Dmitry Andreikin"]
[WhiteElo "2660"]
[BlackElo "2733"]
[PlyCount "23"]

1. e4 e6 2. d4 d5 3. Nc3 Nc6 4. Be3 Bb4 5. e5 f6 6. Bd3 fxe5
7. Qh5+ Kf8 8. dxe5 d4 9. Qf3+ Ke8 10. Qh5+ Kf8 11. Qf3+ Ke8
12. Qh5+ 1/2-1/2

[Event "17th Karpov Poikovsky"]
[Site "Poikovsky RUS"]
[Date "2016.07.24"]
[EventDate "2016.07.23"]
[Round "2.3"]
[Result "0-1"]
[White "Dmitry Jakovenko"]
[Black "Emil Sutovsky"]
[WhiteElo "2712"]
[BlackElo "2622"]
[PlyCount "76"]

1. Nf3 Nf6 2. c4 c5 3. Nc3 d5 4. cxd5 Nxd5 5. e4 Nb4 6. Bc4
Nd3+ 7. Ke2 Nxc1+ 8. Rxc1 a6 9. d4 b5 10. Bd5 Ra7 11. Ne5 e6
12. Bc6+ Ke7 13. Qd2 f6 14. Nd5+ exd5 15. Rxc5 dxe4 16. Rhc1
Be6 17. Qe3 Qd6 18. Qxe4 Kd8 19. Bb7 fxe5 20. Rc8+ Bxc8
21. Rxc8+ Kd7 22. dxe5 Qe6 23. f4 Qg4+ 24. Ke3 Ke7 25. Rxb8 g5
26. f5 Qxe4+ 27. Kxe4 Bg7 28. f6+ Kd7 29. Rxh8 Bxh8 30. Bd5
Rc7 31. Kf5 a5 32. Bf7 Kd8 33. Bh5 Rc2 34. Bf3 g4 35. Kxg4
Rxb2 36. Kf5 Rc2 37. Ke6 Ke8 38. h4 Rxa2 0-1

[Event "17th Karpov Poikovsky"]
[Site "Poikovsky RUS"]
[Date "2016.07.24"]
[EventDate "2016.07.23"]
[Round "2.5"]
[Result "1/2-1/2"]
[White "Radoslaw Wojtaszek"]
[Black "Maxim Matlakov"]
[WhiteElo "2733"]
[BlackElo "2684"]
[PlyCount "80"]

1. d4 Nf6 2. c4 e6 3. Nc3 Bb4 4. Nf3 d5 5. cxd5 exd5 6. Bg5 h6
7. Bh4 O-O 8. e3 Bf5 9. Qb3 Bxc3+ 10. Qxc3 Nbd7 11. Nd2 Rc8
12. Be2 c5 13. O-O Qb6 14. Rfc1 cxd4 15. Qxd4 Qxd4 16. exd4
Rfe8 17. Kf1 Nf8 18. Bxf6 gxf6 19. g4 Bd7 20. Nb3 b6 21. Bf3
Ne6 22. Bxd5 Nf4 23. Bf3 Bb5+ 24. Kg1 Rxc1+ 25. Rxc1 Ne2+
26. Bxe2 Rxe2 27. d5 Rxb2 28. d6 a5 29. Rc7 Rb1+ 30. Nc1 Kg7
31. f3 Rb4 32. Nb3 a4 33. Nd2 Rd4 34. Ne4 Bd3 35. Nc3 Rxd6
36. Nxa4 b5 37. Nc5 Bc4 38. a3 Rd2 39. Ne4 Rd3 40. a4 Rxf3
1/2-1/2

[Event "17th Karpov Poikovsky"]
[Site "Poikovsky RUS"]
[Date "2016.07.25"]
[EventDate "2016.07.22"]
[Round "3"]
[Result "1/2-1/2"]
[White "Anton Korobov"]
[Black "Alexander Motylev"]
[WhiteElo "2656"]
[BlackElo "2660"]
[PlyCount "32"]

1. d4 d5 2. c4 c6 3. Nf3 Nf6 4. Nc3 dxc4 5. a4 e6 6. e3 c5
7. Bxc4 Nc6 8. O-O cxd4 9. exd4 Be7 10. Qe2 O-O 11. Rd1 Nb4
12. a5 Bd7 13. Ne5 Be8 14. Bf4 a6 15. Qf3 Nfd5 16. Bg3 Rc8
1/2-1/2

[Event "17th Karpov Poikovsky"]
[Site "Poikovsky RUS"]
[Date "2016.07.25"]
[EventDate "2016.07.22"]
[Round "3"]
[Result "1/2-1/2"]
[White "Dmitry Andreikin"]
[Black "Dmitry Jakovenko"]
[WhiteElo "2733"]
[BlackElo "2712"]
[PlyCount "53"]

1. e4 e5 2. Nf3 Nc6 3. Bb5 Nf6 4. O-O Nxe4 5. Re1 Nd6 6. Nxe5
Be7 7. Bf1 Nxe5 8. Rxe5 O-O 9. d4 Bf6 10. Re1 Re8 11. Nc3 Rxe1
12. Qxe1 Bxd4 13. Bf4 Ne8 14. Nd5 d6 15. Bg5 f6 16. Be3 Be5
17. f4 Bxb2 18. Rb1 Ba3 19. Qa5 Bc5 20. Bxc5 dxc5 21. Qxc5 Qd6
22. Qxd6 cxd6 23. Ne7+ Kf7 24. Nxc8 Rxc8 25. Rxb7+ Rc7 26. Rb2
f5 27. Bd3 1/2-1/2

[Event "17th Karpov Poikovsky"]
[Site "Poikovsky RUS"]
[Date "2016.07.25"]
[EventDate "2016.07.22"]
[Round "3"]
[Result "1/2-1/2"]
[White "Ilya Smirin"]
[Black "Radoslaw Wojtaszek"]
[WhiteElo "2676"]
[BlackElo "2733"]
[PlyCount "57"]

1. e4 c5 2. Nf3 d6 3. d4 cxd4 4. Nxd4 Nf6 5. Nc3 a6 6. f4 e5
7. Nf3 Nbd7 8. a4 Be7 9. Bc4 O-O 10. Qe2 exf4 11. Bxf4 Nc5
12. O-O Be6 13. Bxe6 fxe6 14. e5 Nd5 15. Nxd5 exd5 16. exd6
Bxd6 17. Be3 Re8 18. Qd2 Bf8 19. Kh1 Rc8 20. Bxc5 Bxc5 21. c3
Qd6 22. Rad1 Rcd8 23. Qc2 h6 24. Rfe1 Rxe1+ 25. Rxe1 a5 26. g3
Qc6 27. Kg2 Rf8 28. Re5 b6 29. Rf5 1/2-1/2

[Event "17th Karpov Poikovsky"]
[Site "Poikovsky RUS"]
[Date "2016.07.25"]
[EventDate "2016.07.23"]
[Round "3.1"]
[Result "1/2-1/2"]
[White "Emil Sutovsky"]
[Black "Igor Kovalenko"]
[WhiteElo "2622"]
[BlackElo "2667"]
[PlyCount "82"]

1. e4 e6 2. d4 d5 3. Nc3 Bb4 4. e5 c5 5. a3 Bxc3+ 6. bxc3 Qa5
7. Bd2 Qa4 8. Qg4 Kf8 9. Qd1 b6 10. dxc5 bxc5 11. c4 Ne7
12. cxd5 exd5 13. Nf3 h6 14. Rb1 Bf5 15. Bd3 Nd7 16. O-O Bxd3
17. cxd3 Qxd1 18. Rfxd1 Nc6 19. d4 Ke7 20. dxc5 Ke6 21. Be3
Rab8 22. Rbc1 Rb3 23. Nd4+ Nxd4 24. Bxd4 Rc8 25. f4 Nb8 26. g4
g6 27. Rf1 Nc6 28. f5+ gxf5 29. gxf5+ Ke7 30. Bf2 Rg8+ 31. Kh1
Nxe5 32. c6 Nd3 33. Bh4+ Kd6 34. Bg3+ Rxg3 35. c7 Rg8 36. c8=Q
Rxc8 37. Rxc8 Rxa3 38. Rh8 d4 39. Rxh6+ Kd5 40. Rh8 Ne5
41. Re1 f6 1/2-1/2

[Event "17th Karpov Poikovsky"]
[Site "Poikovsky RUS"]
[Date "2016.07.25"]
[EventDate "2016.07.23"]
[Round "3.4"]
[Result "1-0"]
[White "Maxim Matlakov"]
[Black "Viktor Bologan"]
[WhiteElo "2684"]
[BlackElo "2654"]
[PlyCount "99"]

1. d4 Nf6 2. c4 e6 3. g3 c5 4. d5 exd5 5. cxd5 d6 6. Nc3 g6
7. Bg2 Bg7 8. Nf3 O-O 9. O-O Re8 10. Bf4 Ne4 11. Nxe4 Rxe4
12. Nd2 Rxf4 13. gxf4 Bxb2 14. Rb1 Bg7 15. e4 Nd7 16. Qf3 b5
17. Rfe1 c4 18. e5 dxe5 19. Rxb5 Ba6 20. Rbb1 exf4 21. d6 Rc8
22. Qxf4 c3 23. Re7 Bf6 24. Bd5 cxd2 25. Rxf7 Kh8 26. Qxd2 Ne5
27. Rxa7 Qxd6 28. Rxh7+ Kxh7 29. Bg8+ Kxg8 30. Qxd6 Rc6
31. Qd5+ Kg7 32. f4 Bc4 33. Qg2 Rc5 34. fxe5 Rxe5 35. Rb7+ Kf8
36. Qh3 Rg5+ 37. Kf2 Rf5+ 38. Ke1 Bf7 39. Qh6+ Ke8 40. Rb8+
Kd7 41. Qh3 Kc7 42. Rf8 Be6 43. Qg3+ Kd7 44. Qd3+ Rd5
45. Qxd5+ Bxd5 46. Rxf6 Bxa2 47. Rxg6 Ke7 48. Kf2 Bf7 49. Rg5
Kf6 50. h4 1-0

[Event "17th Karpov Poikovsky"]
[Site "Poikovsky RUS"]
[Date "2016.07.26"]
[EventDate "2016.07.22"]
[Round "4"]
[Result "1/2-1/2"]
[White "Alexander Motylev"]
[Black "Dmitry Jakovenko"]
[WhiteElo "2660"]
[BlackElo "2712"]
[PlyCount "43"]

1. e4 e5 2. Nf3 Nc6 3. d4 exd4 4. Nxd4 Nf6 5. Nxc6 bxc6 6. e5
Qe7 7. Qe2 Nd5 8. c4 Nb6 9. Nc3 Qe6 10. Qe4 Bb4 11. Bd2 Ba6
12. b3 Bxc3 13. Bxc3 d5 14. Qh4 dxc4 15. Rc1 Qg6 16. g3 O-O
17. Be2 c5 18. O-O Bb7 19. bxc4 Rad8 20. Rcd1 Rxd1 21. Rxd1
Qc2 22. Rd8 1/2-1/2

[Event "17th Karpov Poikovsky"]
[Site "Poikovsky RUS"]
[Date "2016.07.26"]
[EventDate "2016.07.22"]
[Round "4"]
[Result "1/2-1/2"]
[White "Anton Korobov"]
[Black "Maxim Matlakov"]
[WhiteElo "2656"]
[BlackElo "2684"]
[PlyCount "61"]

1. d4 Nf6 2. c4 e6 3. Nc3 Bb4 4. Qc2 d5 5. cxd5 exd5 6. Bg5 h6
7. Bxf6 Qxf6 8. a3 Bxc3+ 9. Qxc3 O-O 10. e3 Bf5 11. Ne2 c6
12. Ng3 Nd7 13. Be2 Bh7 14. O-O Qe6 15. b4 Nf6 16. a4 Ne4
17. Qb2 a6 18. Rfc1 Rfc8 19. Nxe4 Bxe4 20. Ra3 Rc7 21. Rac3
Qg6 22. Bf1 Re8 23. Kh1 Qg5 24. b5 axb5 25. axb5 Re6 26. Qe2
Rg6 27. f3 Bf5 28. Qf2 Re6 29. Qg3 Qe7 30. Qf4 Bg6 31. Kg1
1/2-1/2

[Event "17th Karpov Poikovsky"]
[Site "Poikovsky RUS"]
[Date "2016.07.26"]
[EventDate "2016.07.22"]
[Round "4"]
[Result "1-0"]
[White "Radoslaw Wojtaszek"]
[Black "Emil Sutovsky"]
[WhiteElo "2733"]
[BlackElo "2622"]
[PlyCount "81"]

1. Nf3 c5 2. c4 Nf6 3. d4 cxd4 4. Nxd4 Nc6 5. Nc3 e6 6. Bg5
Be7 7. e3 O-O 8. Be2 d5 9. cxd5 Nxd5 10. Nxc6 bxc6 11. Bxe7
Qxe7 12. Rc1 Rb8 13. Qc2 Qb4 14. b3 Rb6 15. Qd2 Nxc3 16. Rxc3
Ba6 17. Rc2 c5 18. Bxa6 Rxa6 19. Qxb4 cxb4 20. Ke2 Rd6 21. Rd1
Rxd1 22. Kxd1 a5 23. Rc5 Ra8 24. e4 h6 25. h4 a4 26. Rb5 axb3
27. axb3 Ra2 28. Ke1 f5 29. Rxb4 Kf7 30. e5 g5 31. h5 Ra5
32. Rb7+ Kg8 33. b4 Rxe5+ 34. Kd2 Kf8 35. Rh7 g4 36. Kd3 f4
37. Rxh6 Rd5+ 38. Ke4 Rb5 39. Kxf4 Rxb4+ 40. Kg5 Rb2 41. Rxe6
1-0

[Event "17th Karpov Poikovsky"]
[Site "Poikovsky RUS"]
[Date "2016.07.26"]
[EventDate "2016.07.22"]
[Round "4"]
[Result "1/2-1/2"]
[White "Igor Kovalenko"]
[Black "Dmitry Andreikin"]
[WhiteElo "2667"]
[BlackElo "2733"]
[PlyCount "107"]

1. d4 d5 2. c4 c6 3. Nc3 Nf6 4. e3 a6 5. Nf3 Bf5 6. Ne5 Nbd7
7. Qb3 Qc7 8. cxd5 Nxe5 9. dxe5 Nxd5 10. Nxd5 cxd5 11. Bd2
Qxe5 12. Bc3 Qc7 13. Qxd5 e6 14. Qd4 Rd8 15. Qa4+ Qd7
16. Qxd7+ Rxd7 17. f3 f6 18. e4 Bg6 19. Bc4 Bf7 20. e5 Be7
21. Ke2 fxe5 22. Bxe5 Bf6 23. Bxf6 gxf6 24. Rhd1 Rg8 25. g3
Rg5 26. Rxd7 Kxd7 27. Rd1+ Ke7 28. b4 Rg8 29. Rd4 Rc8 30. Rh4
Bg6 31. a4 e5 32. Bd3 b5 33. axb5 axb5 34. Bxb5 Rc2+ 35. Kd1
Rb2 36. Ba4 e4 37. fxe4 Rxb4 38. Bc2 f5 39. Kd2 fxe4 40. Kc3
Rb6 41. Bxe4 Bxe4 42. Rxe4+ Kf6 43. Rh4 Kg6 44. Rg4+ Kh5
45. h3 h6 46. Rb4 Ra6 47. Kc4 Kg6 48. Rb3 Ra1 49. Kd4 Rh1
50. Rb6+ Kg7 51. h4 Rg1 52. Rb3 h5 53. Ke4 Ra1 54. Rb5 1/2-1/2

[Event "17th Karpov Poikovsky"]
[Site "Poikovsky RUS"]
[Date "2016.07.26"]
[EventDate "2016.07.22"]
[Round "4"]
[Result "0-1"]
[White "Viktor Bologan"]
[Black "Ilya Smirin"]
[WhiteElo "2654"]
[BlackElo "2676"]
[PlyCount "48"]

1. Nf3 Nf6 2. c4 g6 3. b4 Bg7 4. Bb2 O-O 5. g3 d6 6. Bg2 e5
7. O-O a5 8. a3 e4 9. Ng5 Re8 10. d3 exd3 11. exd3 Bg4 12. f3
Bf5 13. Qd2 d5 14. g4 Bc8 15. b5 Nbd7 16. Nc3 h6 17. Nh3 dxc4
18. dxc4 Ne5 19. Qxd8 Rxd8 20. Rad1 Be6 21. Nd5 Nxd5 22. cxd5
Rxd5 23. a4 Rxd1 24. Rxd1 Bb3 0-1

[Event "17th Karpov Poikovsky"]
[Site "Poikovsky RUS"]
[Date "2016.07.28"]
[EventDate "2016.07.22"]
[Round "5"]
[Result "1/2-1/2"]
[White "Maxim Matlakov"]
[Black "Alexander Motylev"]
[WhiteElo "2684"]
[BlackElo "2660"]
[PlyCount "44"]

1. d4 d5 2. c4 c6 3. Nf3 Nf6 4. Nc3 dxc4 5. a4 e6 6. e4 Bb4
7. e5 Nd5 8. Bd2 b5 9. axb5 Bxc3 10. bxc3 cxb5 11. Ng5 Nd7
12. Qh5 Qe7 13. Be2 Bb7 14. Bf3 a6 15. O-O h6 16. Ne4 O-O
17. Bc1 f6 18. Ba3 Qe8 19. Qxe8 Rfxe8 20. Nd6 Reb8 21. exf6
N7xf6 22. Rfe1 Bc6 1/2-1/2

[Event "17th Karpov Poikovsky"]
[Site "Poikovsky RUS"]
[Date "2016.07.28"]
[EventDate "2016.07.22"]
[Round "5"]
[Result "1/2-1/2"]
[White "Dmitry Andreikin"]
[Black "Radoslaw Wojtaszek"]
[WhiteElo "2733"]
[BlackElo "2733"]
[PlyCount "51"]

1. Nf3 d5 2. d4 Nf6 3. c4 e6 4. Nc3 Bb4 5. Qb3 c5 6. dxc5 Nc6
7. Bg5 Qa5 8. Bxf6 dxc4 9. Qxc4 gxf6 10. Rc1 Qxc5 11. Qh4 Ke7
12. g3 Bxc3+ 13. bxc3 b6 14. Bg2 Bb7 15. O-O Rac8 16. Rfd1 h5
17. Ne1 Qg5 18. Qa4 Qa5 19. Qf4 Qe5 20. Qa4 Qa5 21. Qf4 Qe5
22. Qd2 Rhd8 23. Nd3 Qa5 24. h4 Ba6 25. Qb2 Bc4 26. Bf3
1/2-1/2

[Event "17th Karpov Poikovsky"]
[Site "Poikovsky RUS"]
[Date "2016.07.28"]
[EventDate "2016.07.22"]
[Round "5"]
[Result "0-1"]
[White "Ilya Smirin"]
[Black "Anton Korobov"]
[WhiteElo "2676"]
[BlackElo "2656"]
[PlyCount "84"]

1. e4 c5 2. Nf3 d6 3. d4 cxd4 4. Nxd4 Nf6 5. Nc3 a6 6. f4 Qc7
7. a4 g6 8. Be2 Bg7 9. O-O O-O 10. Kh1 e6 11. f5 Nc6 12. fxg6
hxg6 13. Nxc6 bxc6 14. Bf4 e5 15. Bg5 Nh7 16. Be3 Be6 17. a5
f5 18. Qd3 Nf6 19. Bb6 Qe7 20. Qg3 Kf7 21. exf5 gxf5 22. Bd3
e4 23. Be2 Rh8 24. Rad1 d5 25. Na4 Nd7 26. Bc7 Rag8 27. Bd6
Qf6 28. Bf4 Bf8 29. Qe3 Bh6 30. Bxa6 Qh4 31. h3 Bxf4 32. Rxf4
Qg5 33. Bf1 Nf6 34. Kg1 Rxh3 35. Qxh3 Qxf4 36. a6 Rg3 37. Qh2
Qe3+ 38. Kh1 Rg7 39. Ra1 Rh7 40. Qxh7+ Nxh7 41. Nb6 Nf6
42. Ra3 Qe1 0-1

[Event "17th Karpov Poikovsky"]
[Site "Poikovsky RUS"]
[Date "2016.07.28"]
[EventDate "2016.07.22"]
[Round "5"]
[Result "1-0"]
[White "Dmitry Jakovenko"]
[Black "Igor Kovalenko"]
[WhiteElo "2712"]
[BlackElo "2667"]
[PlyCount "79"]

1. d4 Nf6 2. c4 g6 3. Nc3 Bg7 4. e4 O-O 5. Nf3 d6 6. h3 e5
7. d5 Nh5 8. g3 a5 9. Be3 Na6 10. Nd2 Nf6 11. g4 Nd7 12. a3
Nb6 13. h4 Bd7 14. Qf3 Nc5 15. h5 Bf6 16. Qh3 g5 17. Be2 a4
18. O-O Qe7 19. Rfd1 Rfc8 20. Qf3 Qd8 21. Rdb1 Be7 22. Bd1 Ra7
23. Qe2 Rca8 24. Bc2 Qc8 25. f3 Ra6 26. Kg2 Qe8 27. Nf1 Ra5
28. Bf2 Bd8 29. Ne3 f6 30. Qd1 Kf8 31. Ne2 R5a6 32. Be1 Be7
33. Bb4 Qb8 34. Nc3 Be8 35. Qe2 Bd7 36. Nb5 Nc8 37. Rd1 Nb6
38. Rd2 Be8 39. Nf5 Nbd7 40. Qe3 1-0

[Event "17th Karpov Poikovsky"]
[Site "Poikovsky RUS"]
[Date "2016.07.28"]
[EventDate "2016.07.22"]
[Round "5"]
[Result "0-1"]
[White "Emil Sutovsky"]
[Black "Viktor Bologan"]
[WhiteElo "2622"]
[BlackElo "2654"]
[PlyCount "72"]

1. e4 e5 2. Nf3 Nc6 3. Bb5 a6 4. Ba4 Nge7 5. Bb3 d5 6. Nc3 Be6
7. Ng5 Nd4 8. Nxe6 fxe6 9. exd5 Nxb3 10. axb3 exd5 11. d4 exd4
12. Qxd4 Nc6 13. Qxd5 Qxd5 14. Nxd5 O-O-O 15. Ne3 Bc5 16. c3
Ne5 17. Ke2 Rhf8 18. Rf1 Nd3 19. g3 Rf7 20. b4 Bxe3 21. Bxe3
Nxb2 22. Rfe1 h6 23. h4 Nc4 24. Bd4 Nd6 25. Kf1 Nb5 26. Be5
Rd2 27. Bf4 Rc2 28. Rad1 b6 29. Re8+ Kb7 30. Red8 Kc6 31. R1d2
Rxc3 32. Rg8 Nd6 33. Be5 Rc1+ 34. Ke2 Nc4 35. Bxg7 Re7+
36. Kd3 Rd7+ 0-1

[Event "17th Karpov Poikovsky"]
[Site "Poikovsky RUS"]
[Date "2016.07.29"]
[EventDate "2016.07.22"]
[Round "6"]
[Result "1-0"]
[White "Anton Korobov"]
[Black "Emil Sutovsky"]
[WhiteElo "2656"]
[BlackElo "2622"]
[PlyCount "75"]

1. d4 Nf6 2. c4 g6 3. g3 d5 4. cxd5 Nxd5 5. Bg2 Bg7 6. Nf3 O-O
7. O-O c5 8. e4 Nf6 9. e5 Nd5 10. dxc5 Nc6 11. Qa4 Qc7 12. Rd1
Be6 13. Nc3 Nxc3 14. bxc3 Rfd8 15. Bf4 Na5 16. Ng5 Qxc5
17. Nxe6 fxe6 18. Rd7 Rxd7 19. Qxd7 Kf7 20. Rd1 Bxe5 21. Rd5
exd5 22. Bxd5+ Kf8 23. Qe6 Ke8 24. Bxe5 Kd8 25. c4 Qb4
26. Qg8+ Kd7 27. Qxa8 e6 28. Bf6 exd5 29. Qd8+ Ke6 30. cxd5+
Kf7 31. h4 Nc4 32. Bd4 Qd6 33. Qh8 h5 34. Qg7+ Ke8 35. Qxb7
Qd7 36. Qa8+ Ke7 37. Bc5+ Kf6 38. Qf8+ 1-0

[Event "17th Karpov Poikovsky"]
[Site "Poikovsky RUS"]
[Date "2016.07.29"]
[EventDate "2016.07.22"]
[Round "6"]
[Result "1/2-1/2"]
[White "Maxim Matlakov"]
[Black "Ilya Smirin"]
[WhiteElo "2684"]
[BlackElo "2676"]
[PlyCount "74"]

1. d4 Nf6 2. c4 g6 3. Nc3 Bg7 4. e4 d6 5. Nf3 O-O 6. Be2 e5
7. O-O c6 8. Re1 exd4 9. Nxd4 Re8 10. Bf1 Nbd7 11. Bf4 Ne5
12. Qd2 Nh5 13. Bh6 Bxh6 14. Qxh6 Qf6 15. Qd2 Nf4 16. Kh1 g5
17. Rad1 a6 18. f3 b5 19. b3 b4 20. Na4 c5 21. Nc2 g4 22. Nb6
Rb8 23. Nxc8 Rbxc8 24. fxg4 Nxg4 25. Ne3 Nxe3 26. Rxe3 Ng6
27. Qxd6 Re6 28. Qg3 Rd8 29. Rxd8+ Qxd8 30. Be2 Qd4 31. Bh5
Rxe4 32. Rxe4 Qxe4 33. Bxg6 hxg6 34. h3 Qb1+ 35. Kh2 Qxa2
36. Qb8+ Kh7 37. Qf4 Kg8 1/2-1/2

[Event "17th Karpov Poikovsky"]
[Site "Poikovsky RUS"]
[Date "2016.07.29"]
[EventDate "2016.07.22"]
[Round "6"]
[Result "1/2-1/2"]
[White "Radoslaw Wojtaszek"]
[Black "Dmitry Jakovenko"]
[WhiteElo "2733"]
[BlackElo "2712"]
[PlyCount "72"]

1. d4 Nf6 2. c4 e6 3. Nf3 d5 4. Nc3 Be7 5. Bg5 h6 6. Bh4 O-O
7. e3 Ne4 8. Bxe7 Qxe7 9. Rc1 Nxc3 10. Rxc3 c6 11. g4 dxc4
12. Bxc4 Nd7 13. g5 hxg5 14. Rg1 f6 15. h4 g4 16. Rxg4 Nb6
17. Bb3 Nd5 18. Rc1 e5 19. Rg3 e4 20. Ng1 Be6 21. Ne2 Bf7
22. Kd2 Kh7 23. h5 Qb4+ 24. Nc3 Be6 25. Qg1 Rf7 26. Qg2 Re8
27. Rg1 Ree7 28. Qxe4+ f5 29. Qc2 c5 30. dxc5 Rd7 31. Kc1 Qxc5
32. h6 gxh6 33. Bxd5 Bxd5 34. Qe2 Rf6 35. Qh5 Bf7 36. Qh4 Qe5
1/2-1/2

[Event "17th Karpov Poikovsky"]
[Site "Poikovsky RUS"]
[Date "2016.07.29"]
[EventDate "2016.07.22"]
[Round "6"]
[Result "1/2-1/2"]
[White "Viktor Bologan"]
[Black "Dmitry Andreikin"]
[WhiteElo "2654"]
[BlackElo "2733"]
[PlyCount "137"]

1. e4 c5 2. Nf3 Nc6 3. Bb5 Nf6 4. Bxc6 dxc6 5. d3 Bg4 6. h3
Bh5 7. Qe2 Nd7 8. g4 Bg6 9. e5 e6 10. Bg5 Qa5+ 11. Nbd2 h6
12. Bh4 c4 13. dxc4 Bxc2 14. O-O Nc5 15. Qe3 g5 16. Bg3 O-O-O
17. a3 Rd3 18. Qe2 Qd8 19. Rac1 Ba4 20. b4 Nb3 21. Nxb3 Bxb3
22. Ne1 Rd1 23. Rc3 Ba4 24. Nf3 Be7 25. Rxd1 Qxd1+ 26. Qxd1
Bxd1 27. Nd2 Rd8 28. Ne4 Rd4 29. f3 Bxf3 30. Rxf3 Rxe4
31. Rxf7 Kd8 32. Bf2 Rxc4 33. Bxa7 Rc3 34. a4 Rxh3 35. Kg2 Rd3
36. Rh7 Rd5 37. Rh8+ Kd7 38. Rh7 Ke8 39. Rh8+ Bf8 40. Bb8 Kf7
41. Bd6 Bxd6 42. exd6 Kf6 43. Rb8 Rxd6 44. Rxb7 Ke5 45. a5 Kf4
46. Kf2 Rd2+ 47. Ke1 Ra2 48. Rc7 Kxg4 49. Rxc6 h5 50. a6 h4
51. Kf1 Kh3 52. Rc5 Ra1+ 53. Ke2 Ra2+ 54. Kf1 Rxa6 55. Rxg5
Ra3 56. Re5 Ra6 57. b5 Rd6 58. Rc5 Rd1+ 59. Kf2 Rd2+ 60. Kf1
Kg4 61. Rc4+ Kf3 62. Rc3+ Kf4 63. Rc4+ Kg5 64. Rb4 h3 65. Kg1
Kf5 66. b6 Rd8 67. Kh2 Ke5 68. Kxh3 Rb8 69. Kg3 1/2-1/2

[Event "17th Karpov Poikovsky"]
[Site "Poikovsky RUS"]
[Date "2016.07.29"]
[EventDate "2016.07.22"]
[Round "6"]
[Result "1-0"]
[White "Alexander Motylev"]
[Black "Igor Kovalenko"]
[WhiteElo "2660"]
[BlackElo "2667"]
[PlyCount "119"]

1. e4 e6 2. d4 d5 3. Nc3 Bb4 4. e5 c5 5. a3 Bxc3+ 6. bxc3 Qa5
7. Bd2 Qa4 8. Qg4 Kf8 9. Nf3 Ne7 10. h3 Nd7 11. Bd3 c4 12. Be2
Qxc2 13. O-O h6 14. Rfe1 Qe4 15. Qxe4 dxe4 16. Nh2 Nb6 17. a4
Bd7 18. a5 Nbd5 19. Reb1 Bc6 20. Bxc4 a6 21. Bb3 g5 22. Re1
Kg7 23. c4 Nf4 24. Bxf4 gxf4 25. Rad1 Rhd8 26. Ng4 Rab8
27. Nf6 b5 28. Nh5+ Kf8 29. Nxf4 bxc4 30. Bxc4 Rb4 31. Bxa6
Ra8 32. Be2 Rxa5 33. Bg4 Bd5 34. Nxd5 exd5 35. Rd2 Raa4
36. Red1 Kg7 37. f3 e3 38. Rd3 e2 39. Re1 Rxd4 40. Rxd4 Rxd4
41. Rxe2 Kg6 42. Bd7 Rb4 43. Kf2 h5 44. g3 h4 45. gxh4 Rxh4
46. Bg4 Rh8 47. Rb2 f5 48. exf6 Kxf6 49. Rb6+ Kg7 50. Rd6 Rh6
51. Rd7 Kf7 52. Rd8 Rb6 53. h4 Kf6 54. h5 Rb1 55. Rd7 Ra1
56. Kg2 Re1 57. f4 Ra1 58. Rd6+ Kf7 59. h6 Kg8 60. Be6+ 1-0